Production yearbook 1980

Saved in:
Bibliographic Details
Format: Book
Language:English
Published: Rome Food and Agriculture Organization of the United Nations 1981
Tags: Add Tag
No Tags, Be the first to tag this record!

MARC

LEADER 00000nam a2200000 4500
001 c128612
005 20231103121726.8
041 0 |a eng 
044 |a IT 
245 1 0 |a Production yearbook 1980 
264 1 |a Rome  |b Food and Agriculture Organization of the United Nations  |c 1981 
300 |a 296 s.